| 000 | 00605nam a2200229Ia 4500 | ||
|---|---|---|---|
| 999 |
_c15568 _d15568 |
||
| 003 | 0100 | ||
| 005 | 20171017135959.0 | ||
| 008 | 130303s9999 xx 000 0 und d | ||
| 020 | _a0198236603 | ||
| 040 | _cARRUPELIB | ||
| 050 | _aB765.T54K74 1996 | ||
| 100 |
_aKretzmann, Norman _937186 |
||
| 245 | 4 | _aThe metaphysics of theism | |
| 245 | _bAquinas's natural theology in Summa contra gentiles I | ||
| 260 | _aOxford | ||
| 260 | _bClarendon Press | ||
| 300 | _axi | ||
| 300 | _b 302p. 23cm | ||
| 600 |
_aThomas Aquinas, St. _xsumma contra gentiles _y1225?-1274 _937187 |
||
| 650 |
_aMetaphysics _937188 |
||
| 650 |
_aTheism _933989 |
||
| 650 |
_aNatural theology _911072 |
||
| 942 | 0 | 0 |
_03 _2lcc _cMONOGRAPH |